[Event "Lueneburg distr-ch Haupt"]
[Site "Muenster"]
[Date "2016.10.13"]
[Round "2.13"]
[White "Chmura, Dominik"]
[Black "Teves, Bastian"]
[Result "1/2-1/2"]
[WhiteElo "907"]
[BlackElo "1212"]
[PlyCount "89"]
[EventDate "2016.10.13"]
[EventType "swiss"]
[EventRounds "7"]
[EventCountry "GER"]
[SourceTitle "EXT 2019"]
[Source "ChessBase"]
[SourceDate "2018.10.10"]
[SourceVersion "1"]
[SourceVersionDate "2018.10.10"]
[SourceQuality "1"]

1. d4 Nf6 2. c4 d5 3. Nf3 dxc4 4. Nc3 Bg4 5. g3 c6 6. Bg2 Nbd7 7. 0-0 e6 8. Qa4 b5 9. Qa6 Qb6 10. Qxb6 Nxb6 11. Ne5 Nbd5 12. Nxc6 a6 13. Ne5 0-0-0 14. Nxf7 Bb4 15. Nxh8 Rxh8 16. Bd2 Bxc3 17. bxc3 Bxe2 18. Rfe1 Bg4 19. f3 Bf5 20. g4 Bg6 21. Rxe6 Nc7 22. Rc6 Kd7 23. f4 Nxg4 24. Rc5 Nf6 25. Bh3+ Kd6 26. Re1 Ne4 27. f5 Nxc5 28. dxc5+ Kxc5 29. fxg6 hxg6 30. Be3+ Kd6 31. Bf4+ Kc6 32. Bg2+ Kb6 33. Bxc7+ Kxc7 34. Re7+ Kd8 35. Rxg7 Re8 36. Rxg6 Re3 37. Rxa6 Rxc3 38. Bc6 Rc1+ 39. Kg2 Rc2+ 40. Kg3 Rb2 41. Bxb5 Rxb5 42. Rc6 Rb4 43. a3 Ra4 44. h4 Rxa3+ 45. Kg4 1/2-1/2

[Event "Lueneburg distr-ch Haupt"]
[Site "Tostedt"]
[Date "2015.10.25"]
[Round "7.9"]
[White "Bieler, Janek"]
[Black "Teves, Bastian"]
[Result "1-0"]
[WhiteElo "1123"]
[BlackElo "1144"]
[PlyCount "59"]
[EventDate "2015.10.22"]
[EventType "swiss"]
[EventRounds "7"]
[EventCountry "GER"]
[SourceTitle "EXT 2019"]
[Source "ChessBase"]
[SourceDate "2018.10.10"]
[SourceVersion "1"]
[SourceVersionDate "2018.10.10"]
[SourceQuality "1"]

1. d4 d5 2. e3 Nf6 3. c4 e6 4. Nf3 c6 5. Bd3 Be7 6. 0-0 0-0 7. Nbd2 b6 8. b3 Ba6 9. Qc2 h6 10. Bb2 Nbd7 11. Rac1 Rc8 12. Qc3 c5 13. Rc2 dxc4 14. Bxc4 Bb7 15. Rfc1 Ne4 16. Nxe4 Bxe4 17. Bd3 Bxf3 18. gxf3 Bh4 19. f4 Nf6 20. Ba3 Ng4 21. h3 Bxf2+ 22. Rxf2 Nxf2 23. Kxf2 Qh4+ 24. Kg2 Rfd8 25. Bb1 f5 26. dxc5 g5 27. Bb2 Rc7 28. Qh8+ Kf7 29. Qxd8 gxf4 30. Qxh4 1-0

[Event "Lueneburg distr-ch Haupt"]
[Site "Tostedt"]
[Date "2015.10.23"]
[Round "4.10"]
[White "Teves, Bastian"]
[Black "Dunker, Lueder"]
[Result "1/2-1/2"]
[WhiteElo "1144"]
[BlackElo "1394"]
[PlyCount "83"]
[EventDate "2015.10.22"]
[EventType "swiss"]
[EventRounds "7"]
[EventCountry "GER"]
[SourceTitle "EXT 2019"]
[Source "ChessBase"]
[SourceDate "2018.10.10"]
[SourceVersion "1"]
[SourceVersionDate "2018.10.10"]
[SourceQuality "1"]

1. d4 d5 2. c4 e6 3. Nf3 c6 4. e3 Nf6 5. a3 Be7 6. Nc3 Nbd7 7. Be2 0-0 8. 0-0 Re8 9. Bd2 Nf8 10. Bd3 b6 11. e4 dxe4 12. Bxe4 Nxe4 13. Nxe4 Bb7 14. c5 Nd7 15. Nd6 Bxd6 16. cxd6 Nf6 17. Bg5 h6 18. Bxf6 Qxf6 19. d7 Red8 20. Qd2 Rxd7 21. Qc3 Rad8 22. Rac1 Rd5 23. Rfe1 Rf5 24. Re5 Rf4 25. Re3 Rd5 26. g3 Rff5 27. Rce1 c5 28. dxc5 Qxc3 29. bxc3 Rxc5 30. Nd4 Rfd5 31. Nb3 Rc7 32. f3 Rcd7 33. Kf2 a5 34. Rb1 a4 35. Nd4 R7d6 36. Nb5 Rd7 37. Rb4 Rd2+ 38. Re2 R2d5 39. Nd4 e5 40. Nb5 f6 41. c4 Rd3 42. Re3 1/2-1/2

[Event "Lueneburg distr-ch Haupt"]
[Site "Tostedt"]
[Date "2015.10.22"]
[Round "2.8"]
[White "Teves, Bastian"]
[Black "Kurth, Guenter"]
[Result "0-1"]
[WhiteElo "1144"]
[BlackElo "1448"]
[PlyCount "28"]
[EventDate "2015.10.22"]
[EventType "swiss"]
[EventRounds "7"]
[EventCountry "GER"]
[SourceTitle "EXT 2019"]
[Source "ChessBase"]
[SourceDate "2018.10.10"]
[SourceVersion "1"]
[SourceVersionDate "2018.10.10"]
[SourceQuality "1"]

1. d4 d5 2. c4 e5 3. e3 exd4 4. exd4 Nc6 5. Nc3 Nf6 6. h3 Bf5 7. Bg5 Be7 8. Qe2 Nxd4 9. Qe5 dxc4 10. Rc1 Nc2+ 11. Rxc2 Bxc2 12. a3 0-0 13. Bxc4 Bb4 14. Nge2 Qd1# 0-1